000
00362nam a2200133Ia 4500
008
100328s9999 xx 000 0 und d
082
_b
6708
100
_a
वरेरकर भार्गवराम विठ्ठल
245
_a
नवा खेळ
260
_b
---
630
_a
नवा खेळ
730
_a
नवा खेळ
942
_c
BOOK
999
_c
502581
_d
502578